| 000 -LEADER |
| fixed length control field |
01348cam a2200337 i 4500 |
| 001 - CONTROL NUMBER |
| control field |
18262019 |
| 003 - CONTROL NUMBER IDENTIFIER |
| control field |
OSt |
| 005 - DATE AND TIME OF LATEST TRANSACTION |
| control field |
20180116192426.0 |
| 008 - FIXED-LENGTH DATA ELEMENTS--GENERAL INFORMATION |
| fixed length control field |
140811s2013 pk b 001 0 eng |
| 010 ## - LIBRARY OF CONGRESS CONTROL NUMBER |
| LC control number |
2014323740 |
| 020 ## - INTERNATIONAL STANDARD BOOK NUMBER |
| International Standard Book Number |
9789698535223 |
| 025 ## - OVERSEAS ACQUISITION NUMBER |
| Overseas acquisition number |
P-E-2014323740; 28 |
| 037 ## - SOURCE OF ACQUISITION |
| Source of stock number/acquisition |
Library of Congress -- Islamabad Overseas Office |
| Terms of availability |
Rs 500 |
| 040 ## - CATALOGING SOURCE |
| Original cataloging agency |
DLC |
| Language of cataloging |
eng |
| Transcribing agency |
DLC |
| Description conventions |
rda |
| Modifying agency |
DLC |
| 042 ## - AUTHENTICATION CODE |
| Authentication code |
lcode |
| 050 00 - LIBRARY OF CONGRESS CALL NUMBER |
| Classification number |
JZ5601 |
| Item number |
.H37 2013 |
| 082 ## - DEWEY DECIMAL CLASSIFICATION NUMBER |
| Classification number |
327.17 |
| Author Mark |
HAS |
| 100 1# - MAIN ENTRY--PERSONAL NAME |
| Personal name |
Hashmat, Shahid Ahmad, |
| Relator term |
author. |
| 9 (RLIN) |
8073 |
| 245 10 - TITLE STATEMENT |
| Title |
International conflict resolution : |
| Remainder of title |
role of the UN and the OIC / |
| Statement of responsibility, etc. |
Shahid Ahmad Hashmat. |
| 260 ## - PUBLICATION, DISTRIBUTION, ETC. |
| Place of publication, distribution, etc. |
Islamabad: |
| Name of publisher, distributor, etc. |
National University of Science and Technology, |
| Date of publication, distribution, etc. |
2014. |
| 300 ## - PHYSICAL DESCRIPTION |
| Extent |
xxviii, 277 pages ; |
| Dimensions |
23 cm |
| 504 ## - BIBLIOGRAPHY, ETC. NOTE |
| Bibliography, etc. note |
Includes bibliographical references (pages 257-268) and index. |
| 610 20 - SUBJECT ADDED ENTRY--CORPORATE NAME |
| Corporate name or jurisdiction name as entry element |
Organisation of Islamic Conference. |
| 9 (RLIN) |
8074 |
| 610 20 - SUBJECT ADDED ENTRY--CORPORATE NAME |
| Corporate name or jurisdiction name as entry element |
United Nations. |
| 9 (RLIN) |
8075 |
| 650 #0 - SUBJECT ADDED ENTRY--TOPICAL TERM |
| Topical term or geographic name entry element |
Conflict management |
| General subdivision |
International cooperation. |
| 9 (RLIN) |
8076 |
| 650 #0 - SUBJECT ADDED ENTRY--TOPICAL TERM |
| Topical term or geographic name entry element |
Mediation, International. |
| 9 (RLIN) |
8077 |
| 710 2# - ADDED ENTRY--CORPORATE NAME |
| Corporate name or jurisdiction name as entry element |
National University of Sciences and Technology (Islāmābād, Pakistan) |
| 9 (RLIN) |
8078 |
| 906 ## - LOCAL DATA ELEMENT F, LDF (RLIN) |
| a |
7 |
| b |
cbc |
| c |
origode |
| d |
3 |
| e |
ncip |
| f |
20 |
| g |
y-gencatlg |
| 942 ## - ADDED ENTRY ELEMENTS (KOHA) |
| Source of classification or shelving scheme |
|
| Koha item type |
Book |